Príjmy, výdavky a spotreba domácností SR v roku 1991

Na minha lista:
Detalhes bibliográficos
Formato: Livro
Idioma:eslovaco
Publicado em: Bratislava Slovenský štatistický úrad 1992
Assuntos:
Tags: Adicionar Tag
Sem tags, seja o primeiro a adicionar uma tag!

MARC

LEADER 00000nam a2200000 4500
001 c005051
005 20251209070311.4
041 0 |a slo 
044 |a SK 
245 1 0 |a Príjmy, výdavky a spotreba domácností SR v roku 1991 
264 1 |a Bratislava  |b Slovenský štatistický úrad  |c 1992 
300 |a 13 s. 
610 2 0 |a Slovensko 
610 2 0 |a domácnosti 
610 2 0 |a príjmy domácností 
610 2 0 |a výdavky domácností 
610 2 0 |a spotreba domácností